ANNUAL SURVEY OF INDIAN LAW 2007 (Record no. 31289)

MARC details
000 -LEADER
fixed length control field 00342nam a22001337a 4500
003 - CONTROL NUMBER IDENTIFIER
control field SGT
082 ## - DEWEY DECIMAL CLASSIFICATION NUMBER
Classification number 340
Item number PIL
100 ## - MAIN ENTRY--PERSONAL NAME
Personal name PILLAI CHANDRASEKHARAN K N
245 ## - TITLE STATEMENT
Title ANNUAL SURVEY OF INDIAN LAW 2007
260 ## - PUBLICATION, DISTRIBUTION, ETC. (IMPRINT)
Place of publication, distribution, etc NEW DELHI
Name of publisher, distributor, etc THE INDIAN LAW INSTITUTE
Year of Publication 2007
300 ## - PAGE DESCRIPTION
No. of Pages 678
653 ## - KEYWORDS--INDEX TERM
Keyword term ANNUAL SURVEY , INDIAN LAW ,2007
942 ## - ADDED ENTRY ELEMENTS (KOHA)
Source of classification or shelving scheme Dewey Decimal Classification
Koha item type Books
Holdings
Withdrawn status Lost status Source of classification or shelving scheme Damaged status Not for loan Collection code Home library Current library Shelving location Date acquired Volume Information (Serial or Books or Non-Book Material) SGTU Total Checkouts Full call number Accession No. (Barcode) Date last seen Bill Date Koha item type
    Dewey Decimal Classification   Not For Loan LAW SGT Science & Social Sciences Library SGT Science & Social Sciences Library Reference Book 07/06/2025 43 SGTU   340 PIL FL3847 07/06/2025 07/06/2025 Books